000 013730000a22002410004500
020 _a978-84-8164-492-0
082 0 4 _aG 355.02 S9589a
100 1 _aSun-Tzu
245 1 0 _aEl arte de la guerra / Sunzi ; prólogo de Jean Levi ; introducción, traducción y notas de Albert Galvany
250 _a7
260 _aMadrid : Trotta
300 _a236 p. ; 20 cm
500 _aTitulo original: Sunzi Bigfa
501 _arústico
505 0 0 _aIntroducción: en torno al autor y al texto -- El universo ritual de las Primaveras y Otoños -- El nuevo orden de los Reinos Combatientes -- Los fundamentos de la estrategia militar china \ Selección bibliografica: principales ediciones de El arte de la guerra -- Principales traducciones occidentales -- Bibliografía básica \ El arte de la guerra: Cálculos -- Las operaciones militares -- Planes ofensivos -- Disposiciones -- El potencial estratégico -- Lo hueco y lo consistente -- El enfrentamiento militar -- Las nueve variables -- Maniobrar el ejército -- La configuración del terreno -- Los nueve terrenos -- El ataque incendiario -- El uso de espías
650 1 4 _aGUERRA - ESTRATEGIAS \ ADMINISTRACION - ESTRATEGIAS
700 1 _aGalvany, Abert., trad.
001 17998
942 _cBK
999 _c44491
_d44491
336 _atexto
_btxt
_2rdacontent
337 _2rdamedia
_asin mediación
_bn
338 _2rdacarrier
_avolumen
_bnc